[Event "New Delhi Parsvnath op 5th"]
[Site "New Delhi"]
[Date "2007.01.15"]
[Round "3"]
[White "Prasenjit, Dutta"]
[Black "Sriram, Jha"]
[Result "0-1"]
[WhiteElo "2248"]
[BlackElo "2419"]
[PlyCount "54"]
[EventDate "2007.01.15"]
[EventType "swiss"]
[EventRounds "10"]
[EventCountry "IND"]
[SourceTitle "CBM 116 Extra"]
[Source "ChessBase"]
[SourceDate "2007.03.07"]
[SourceVersion "1"]
[SourceVersionDate "2007.03.07"]
[SourceQuality "1"]

1. e4 e5 2. d4 exd4 3. Qxd4 Nc6 4. Qe3 g6 5. Bd2 Bg7 6. Nc3 Nf6 7. 0-0-0 0-0 8. Bc4 Re8 9. a3 d6 10. h4 Qe7 11. Re1 Ne5 12. Bb3 Be6 13. h5 Bxb3 14. cxb3 Nxh5 15. Nge2 Nf6 16. Qg3 h5 17. Kc2 Nc6 18. f3 Qe5 19. Qf2 d5 20. Bf4 Qe6 21. Nc1 dxe4 22. Kb1 Qf5 23. fxe4 Nxe4 24. Nxe4 Rxe4 25. Rxe4 Qxe4+ 26. Ka2 a5 27. Re1 Nb4+ 0-1

[Event "New Delhi Parsvnath op 4th"]
[Site "New Delhi"]
[Date "2006.01.15"]
[Round "2"]
[White "Prasenjit, Dutta"]
[Black "Sandipan, Chanda"]
[Result "0-1"]
[WhiteElo "2255"]
[BlackElo "2522"]
[PlyCount "84"]
[EventDate "2006.01.15"]
[EventType "swiss"]
[EventRounds "10"]
[EventCountry "IND"]
[SourceTitle "CBM 110 Extra"]
[Source "ChessBase"]
[SourceDate "2006.03.10"]
[SourceVersion "2"]
[SourceVersionDate "2006.03.10"]
[SourceQuality "1"]

1. e4 e5 2. Nf3 Nc6 3. Bb5 a6 4. Bxc6 dxc6 5. 0-0 f6 6. d4 exd4 7. Nxd4 c5 8. Ne2 Qxd1 9. Rxd1 Bd7 10. Nbc3 0-0-0 11. Be3 Re8 12. Rd2 Bc6 13. Rad1 b6 14. Nf4 Nh6 15. Nfd5 Ng4 16. Bf4 Ne5 17. b3 Kb7 18. Ne3 g6 19. Ncd5 Bg7 20. Bg3 Rhf8 21. Bh4 Rf7 22. Bg3 Bh6 23. Re2 Bf8 24. f3 b5 25. Kf2 f5 26. exf5 gxf5 27. h4 Bd6 28. Bf4 c4 29. bxc4 Bc5 30. cxb5 Bxb5 31. Ree1 c6 32. c4 Nxc4 33. Nc3 Rfe7 34. Nxb5 axb5 35. Rd3 Nxe3 36. Bxe3 Rxe3 37. Rexe3 f4 38. Rd7+ Kb6 39. Rxh7 fxe3+ 40. Ke2 Ra8 41. Kd3 Rd8+ 42. Ke2 Rd2+ 0-1

[Event "Goodricke op 10th"]
[Site "Kolkata"]
[Date "1999.02.13"]
[Round "8"]
[White "Sundararajan, Kidambi"]
[Black "Prasenjit, Dutta"]
[Result "1/2-1/2"]
[WhiteElo "2350"]
[BlackElo "2220"]
[PlyCount "154"]
[EventDate "1999.02.06"]
[EventType "swiss"]
[EventRounds "11"]
[EventCountry "IND"]
[SourceTitle "CBM 069 Extra"]
[Source "ChessBase"]
[SourceDate "1999.05.10"]
[SourceVersion "1"]
[SourceVersionDate "1999.05.10"]
[SourceQuality "1"]

1. d4 c5 2. d5 d6 3. Nf3 e5 4. e4 g6 5. Nc3 Bg7 6. Be2 Nf6 7. 0-0 0-0 8. Bg5 h6 9. Bh4 g5 10. Bg3 Nh5 11. Nd2 Nf4 12. Bg4 Na6 13. Nc4 Nc7 14. a4 Ne8 15. Bxc8 Rxc8 16. Ne3 Qf6 17. Qg4 Rd8 18. h4 Ng6 19. hxg5 Qxg5 20. Qxg5 hxg5 21. Nb5 a6 22. Na3 Ne7 23. a5 f5 24. exf5 Nxf5 25. Nxf5 Rxf5 26. Nc4 Nc7 27. Ne3 Rf7 28. c3 Nb5 29. f3 Kh7 30. Be1 Kg6 31. Bd2 Rdf8 32. Ng4 Rc7 33. Nf2 Bf6 34. Ra4 Rh7 35. Rg4 Be7 36. Ne4 Rh5 37. Rb1 b6 38. axb6 Rb8 39. b4 c4 40. Ra1 Rxb6 41. Be3 Rb8 42. Rxa6 Nc7 43. Rc6 Nxd5 44. Nxd6 Ra8 45. Ne4+ Kf7 46. Nxg5+ Ke8 47. Bd2 Ra1+ 48. Kf2 Ra2 49. Ne4 Bh4+ 50. Rxh4 Rxh4 51. Rxc4 Rxe4 52. fxe4 Rxd2+ 53. Ke1 Ne3 54. Kxd2 Nxc4+ 55. Kd3 Nb2+ 56. Kc2 Nc4 57. Kd3 Nb2+ 58. Ke3 Nd1+ 59. Kd2 Nf2 60. Ke3 Nd1+ 61. Kd2 Nf2 62. c4 Nxe4+ 63. Kd3 Nf2+ 64. Ke3 Nd1+ 65. Ke4 Nf2+ 66. Kd5 e4 67. Kd4 Nd3 68. b5 Nb2 69. c5 Na4 70. c6 e3 71. Kxe3 Nc3 72. Kd4 Nxb5+ 73. Kc5 Nc7 74. Kb6 Nd5+ 75. Kb7 Ke7 76. c7 Nxc7 77. Kxc7 Ke6 1/2-1/2